000 02069nam0a2200421 i 4500
001 RU\NLR\BIBL_A\016217523
005 20260419030758.0
010 _a5860910533
_9700
035 _a(NLR Aleph) 016217523
090 _a12727358
_c12727358
100 _a20221124d2014 u y0rusy50 ca
101 0 _arus
_deng
102 _aRU
105 _aac z 011zd
181 0 _ab3
_bxb2e
181 0 _ai2
_baxxe
182 0 _an
200 1 _aЖенские образы в творчестве Святослава Рериха
_dThe image of woman by Svetoslav Roerich
_e[альбом-каталог
_eК 110-летию со дня рождения]
_fВладимир Никишин
_zeng
203 _aИзображение
_aТекст
_bвизуальные
_cнепосредственные
210 _aНовосибирск
_cИздательский центр РОССАЗИЯ Сибирского Рериховского общества
_d2014
215 _a135 с.
_cил., цв. ил., портр.
_d21х21
300 _aНа обл. авт. не указан
300 _aАвт. также на англ. яз.: Vladimir Nikishin
300 _aРез. англ.
320 _aБиблиогр. в подстроч. примеч.
320 _aУказ. ил.: с. 128-135
510 1 _6z37790
_aThe image of woman by Svetoslav Roerich
_zeng
600 1 _aРерих
_bС.Н.
_f1904 - 1993
_gСвятослав Николаевич
_jАльбомы
_91069555
_3RU\NLR\AUTH\66416301
606 1 _aЖенщина
_jАльбомы
_xв живописи
_92313958
_3RU\NLR\AUTH\661384719
686 1 _aЩ143(5Ид)6-8Рерих С. я61
700 1 _aНикишин
_bВ. В.
_gВладимир Валерьевич
702 1 _4280
_8rus
_7ca
_aРерих
_bС. Н.
_f1904-1993
_gСвятослав Николаевич
_3RU\NLR\AUTH\7719374
_92446
790 1 _6z37510
_aNikišin
_bV. V.
_gVladimir Valer'evič
942 _cBOOK
980 _aNBR